000 00802pam a2200253 a 4500
001 4033281
005 20180222035829.0
008 980429s1999 mnu 001 0 eng
010 _a 98019010
020 _a0314230416 (alk. paper)
040 _aDLC
_cDLC
_dDLC
041 _aeng
043 _an-us---
080 _a343.73099 har
082 0 0 _a343.73099 har
_221
100 _a14
101 _ajur
245 0 0 _aModern communication law /
_cby Harvey L. Zuckman ... [et al.] ; general editor, Harvey L. Zuckman.
246 1 4 _aModern communications law
906 _a7
_bcbc
_corignew
_d1
_eocip
_f19
_gy-gencatlg
942 _2ddc
_cBK
999 _c43130
_d43130